00455 2200181 4500001002100000005001500021035002000036008004100056245006400097100001600161250000600177260003400183300001200217084001400229082000800243650001000251990001200261INLIS00000000000019420240711085920 a0010-0424000170240711 1 ind 1 aThe Queen Alone : Perjalanan Melintasi Waktu /cK.A.S.Quinn aK.A.S.Quinn a1 aSolo :bTiga Serangkai,c2015 a326 hlm a813 QUI t a813 4aFiksi a0732460